Contribución al estudio de los ácidos húmicos /
Guardado en:
| Autor Principal: | |
|---|---|
| Autor Corporativo: | |
| Formato: | Libro |
| Idioma: | Spanish |
| Publicado: |
[Madrid] :
Instituto de Edafología y Fisiología Vegetal. C.S.I.C.,
1955.
|
| Series: | Monografías de ciencia moderna ;
46 |
| Etiquetas: |
Agregar Etiqueta
Sin Etiquetas, Sea el primero en etiquetar este registro!
|
| LEADER | 00651nam a22001575a 4500 | ||
|---|---|---|---|
| 001 | EEA.libagro002439 | ||
| 005 | 20141028120822.0 | ||
| 008 | 130809s1955####sp#a##########000#0#spa#d | ||
| 082 | 0 | 4 | |a 631.417 |
| 100 | 1 | |a Flaig, Wolfang. | |
| 245 | 1 | 0 | |a Contribución al estudio de los ácidos húmicos / |c W. Flaig. |
| 260 | |a [Madrid] : |b Instituto de Edafología y Fisiología Vegetal. C.S.I.C., |c 1955. | ||
| 300 | |a 167 p. : |b il. ; |c 25 cm. | ||
| 490 | 1 | |a Monografías de ciencia moderna ; |v 46 | |
| 710 | 2 | |a Consejo Superior de Investigaciones Científicas (España). |b Instituto de Edafología y Fisiología Vegetal. | |
| 859 | |a AR-BbBCA |b BIB. AGRONOMIA |h 631.417 |i F598 |p 1957/0801 | ||
